Mathematical and computer programming techniques for computer graphics
Αποθηκεύτηκε σε:
| Κύριος συγγραφέας: | |
|---|---|
| Μορφή: | Βιβλίο |
| Γλώσσα: | English |
| Δημοσίευση: |
London :
Springer,
c2006
|
| Θέματα: | |
| Ετικέτες: |
Προσθήκη ετικέτας
Δεν υπάρχουν, Καταχωρήστε ετικέτα πρώτοι!
|
MARC
| LEADER | 00000nam a2200000 i 4500 | ||
|---|---|---|---|
| 001 | 1/37528 | ||
| 008 | 061111s2006 eng d | ||
| 020 | |a 1-85233-902-0 (hbk) | ||
| 020 | |a 978-1-85233-902-9 | ||
| 035 | |l 10086112 | ||
| 040 | |a GR-MY-UA |b gre |e aacr | ||
| 041 | 0 | |a eng | |
| 082 | 0 | |a 006.60151 |2 (22) | |
| 100 | 1 | |a Comninos, Peter |d 1949- | |
| 245 | 1 | 0 | |a Mathematical and computer programming techniques for computer graphics / |c Peter Comninos |
| 260 | |a London : |b Springer, |c c2006 | ||
| 300 | |a xx, 547 σ.; |b εικ.; |c 24 εκ. | ||
| 500 | |a Με 311 σχήματα | ||
| 504 | |a Περιλαμβάνει βιβλιογραφικές παραπομπές (σ. 418-421) και ευρετήριο | ||
| 650 | 0 | 0 | |a Computer graphics |x Mathematics. |
| 650 | 0 | 0 | |a C# (Computer program language) |
| 650 | 0 | 0 | |a Transformations (Mathematics) |
| 650 | 0 | 0 | |a Matrices. |
| 650 | 0 | 0 | |a Vector algebra. |
| 852 | |a INST |b SYROS |e 20061111 |h 006.60151 COM |p 005500007502 |q 005500007502 |t BK |y 0 | ||
| 901 | |a BIBL5-2007-1 | ||
| 909 | |a Ε |b 129932 | ||
| 922 | |a 5ΕΛΗ |b 200610 |c ΒΙΒΛΙΟΘΗΚΗ ΣΥΡΟΥ |d GLORY BOOK | ||
| 950 | |a 188-2006-10-11 | ||
| 970 | |a ΚΟΝΤΟΥ |b ΠΑΡΑΣΚΕΥΗ |z 2007/04/03 | ||